Educational technology (Record no. 1950)

MARC details
000 -LEADER
fixed length control field 00498cam a2200205ua 4500
001 - CONTROL NUMBER
control field 2083
005 - DATE AND TIME OF LATEST TRANSACTION
control field 20260515113438.0
008 - FIXED-LENGTH DATA ELEMENTS--GENERAL INFORMATION
fixed length control field 110804n ii |||gr||||Z||||||eng
020 ## - INTERNATIONAL STANDARD BOOK NUMBER
International Standard Book Number 81-7457-052-7
040 ## - CATALOGING SOURCE
Transcribing agency MAIN
082 ## - DEWEY DECIMAL CLASSIFICATION NUMBER
Classification number 371.33
100 ## - MAIN ENTRY--PERSONAL NAME
Personal name Sharma, A. R.,
Relator term Author.
245 1# - TITLE STATEMENT
Title Educational technology
Statement of responsibility, etc. by A. R. Sharma
250 ## - EDITION STATEMENT
Edition statement 1st.
260 ## - PUBLICATION, DISTRIBUTION, ETC.
Place of publication, distribution, etc. Agra:
Name of publisher, distributor, etc. Vinod pustak mandir.
300 ## - PHYSICAL DESCRIPTION
Extent 311p:
Dimensions 23cm.
653 ## - INDEX TERM--UNCONTROLLED
Uncontrolled term Education
653 ## - INDEX TERM--UNCONTROLLED
Uncontrolled term Educational technology
942 ## - ADDED ENTRY ELEMENTS (KOHA)
Koha item type Books
Holdings
Withdrawn status Lost status Damaged status Not for loan Home library Current library Shelving location Date acquired Total checkouts Full call number Barcode Date last seen Date last checked out Copy number Price effective from Koha item type
        Naharkatiya College Library Naharkatiya College Library General stacks 09/19/2020 4 371.33 | SHA 11844 03/01/2025 02/26/2025 1 09/19/2020 Books